00406nam a2200145Ia 4500100001600000942000700016654001000023245005400033260003200087082001300119300000800132546001200140999001700152952009100169 aSingh/Bani  cBK aMaths aMathematics & its application in engg & Industry bNarosa PubaNew Delhic1997 a500bSIN a605 aENGLISH c27560d27560 001040708CRCaCRCEbCRCEd2023-03-17l0o500 SINp10240r2023-03-17w2023-03-17yBK